Statystyki dla Kapitanowie reprezentacji na mundialu w Katarze

Kliknij tutaj aby rozwiązać quiz!

Ogólne statystyki

  • Ten quiz został rozwiązany 37 razy
  • Średni wynik to 13 z 32

Statystyki odpowiedzi

ReprezentacjaKapitan% Poprawnych
AngliaHarry Kane
92%
ArgentynaLionel Messi
92%
PolskaRobert Lewandowski
92%
PortugaliaCristiano Ronaldo
85%
HolandiaVirgil van Dijk
77%
ChorwacjaLuka Modrić
73%
WaliaGareth Bale
69%
FrancjaHugo Lloris
69%
NiemcyManuel Neuer
69%
KoreaHeung-min Son
65%
BrazyliaThiago Silva
62%
SenegalKalidou Koulibaly
50%
BelgiaEden Hazard
46%
EkwadorEnner Valencia
46%
SzwajcariaGranit Xhaka
46%
UrugwajDiego Godin
42%
HiszpaniaSergio Busquets
42%
DaniaSimon Kjaer
38%
GhanaAndre Ayew
31%
KostarykaBryan Ruiz
23%
SerbiaDusan Tadić
19%
KamerunVincent Aboubakar
19%
MeksykAndres Guardado
15%
KanadaAtiba Hutchinson
15%
AustraliaMathew Ryan
15%
MarokoRomain Saiss
12%
IranEhsan Hajsafi
0%
KatarHassan Al-Haydos
0%
JaponiaMaya Yoshida
0%
USAMichael Bradley
0%
Arabia SaudyjskaSalman Al-Faraj
0%
TunezjaYoussef Msakni
0%

Rozkład punktacji

Percentyl według liczby udzielonych odpowiedzi

Procent ludzi z każdym wynikiem

Twoja historia wyników

Nie rozwiązałeś tego quizu